Essentials of Ultrasound Physics (Record no. 6650)

MARC details
000 -LEADER
fixed length control field 00914cam a2200277 a 4500
001 - CONTROL NUMBER
control field 4482623
003 - CONTROL NUMBER IDENTIFIER
control field OSt
005 - DATE AND TIME OF LATEST TRANSACTION
control field 20210331153117.0
008 - FIXED-LENGTH DATA ELEMENTS--GENERAL INFORMATION
fixed length control field 960828s1996 moua b 001 0 eng d
010 ## - LIBRARY OF CONGRESS CONTROL NUMBER
LC control number 96199893
020 ## - INTERNATIONAL STANDARD BOOK NUMBER
International Standard Book Number 0815198523 (pbk.)
035 ## - SYSTEM CONTROL NUMBER
System control number (OCoLC)35312930
040 ## - CATALOGING SOURCE
Original cataloging agency KyLxTI
Transcribing agency KyLxTI
Modifying agency DLC
042 ## - AUTHENTICATION CODE
Authentication code lccopycat
082 00 - DEWEY DECIMAL CLASSIFICATION NUMBER
Classification number 534.55 ZAG 1996
100 1# - MAIN ENTRY--PERSONAL NAME
Personal name Zagzebski, James A.
9 (RLIN) 13679
245 10 - TITLE STATEMENT
Title Essentials of Ultrasound Physics
260 ## - PUBLICATION, DISTRIBUTION, ETC. (IMPRINT)
Place of publication, distribution, etc. St. Louis :
Name of publisher, distributor, etc. Mosby,
Date of publication, distribution, etc. 1996.
300 ## - PHYSICAL DESCRIPTION
Extent xi, 220 p. :
Other physical details col.ill ;
Dimensions 28 cm.
504 ## - BIBLIOGRAPHY, ETC. NOTE
Bibliography, etc Includes bibliographical references and index.
650 #0 - SUBJECT ADDED ENTRY--TOPICAL TERM
Topical term or geographic name as entry element Physics radiation
9 (RLIN) 13680
650 #0 - SUBJECT ADDED ENTRY--TOPICAL TERM
Topical term or geographic name as entry element Ultrasound
9 (RLIN) 13681
906 ## - LOCAL DATA ELEMENT F, LDF (RLIN)
a 7
b cbc
c copycat
d 2
e ncip
f 19
g y-gencatlg
942 ## - ADDED ENTRY ELEMENTS (KOHA)
Source of classification or shelving scheme Dewey Decimal Classification
Koha item type Open Shelf
Holdings
Withdrawn status Lost status Source of classification or shelving scheme Damaged status Not for loan Home library Current library Date acquired Source of acquisition Inventory number Total Checkouts Full call number Barcode Date last seen Koha item type
    Dewey Decimal Classification     MUST Main Library MUST Main Library 20/02/2020 Donation 10/32105   534.55 ZAG 1996 2020-0521 20/02/2020 Open Shelf